Vztah obchodního zákoníku a zákona o účetnictví.
Postavenie zákona o účtovníctve v systéme zákonov. Osobitná pôsobnosť obchodného zákonníka a zákona o účtovníctve na úseku účtovníctva. Podnikatelia účtujúci v sústave jednoduchého, alebo podvojného účtovníctva. Povinnosť účtovať v príslušnej účtovnej sústave. Zostavovanie a schvaľovanie účtovnej uz...
Guardado en:
| Autor principal: | |
|---|---|
| Formato: | Capítulo de libro |
| Lenguaje: | checo |
| Materias: | |
| Etiquetas: |
Sin Etiquetas, Sea el primero en etiquetar este registro!
|
MARC
| LEADER | 00000naa a2200000 4500 | ||
|---|---|---|---|
| 001 | r010663 | ||
| 005 | 20220831085455.4 | ||
| 041 | 0 | |a cze | |
| 044 | |a [CS] | ||
| 245 | 1 | 0 | |a Vztah obchodního zákoníku a zákona o účetnictví. |c J. Dědič |
| 520 | |a Postavenie zákona o účtovníctve v systéme zákonov. Osobitná pôsobnosť obchodného zákonníka a zákona o účtovníctve na úseku účtovníctva. Podnikatelia účtujúci v sústave jednoduchého, alebo podvojného účtovníctva. Povinnosť účtovať v príslušnej účtovnej sústave. Zostavovanie a schvaľovanie účtovnej uzávierky. | ||
| 610 | 2 | 0 | |a účtovníctvo |
| 610 | 2 | 0 | |a zákonník obchodný |
| 610 | 2 | 0 | |a podnikatelia |
| 610 | 2 | 0 | |a účtovníctvo jednoduché |
| 610 | 2 | 0 | |a účtovníctvo podvojné |
| 610 | 2 | 0 | |a uzávierka účtovná |
| 610 | 2 | 0 | |a podnikanie |
| 610 | 2 | 0 | |a ČSFR |
| 610 | 2 | 0 | |a zákony |
| 610 | 2 | 0 | |a 1991 |
| 100 | 1 | |a Dědič, J. | |